| 000 | 01149nam a22002297a 4500 | ||
|---|---|---|---|
| 003 | NALT | ||
| 005 | 20250721102204.0 | ||
| 008 | s2547 th tha d | ||
| 020 | _a9744491701 | ||
| 040 | _aNALT | ||
| 041 | _atha | ||
| 090 |
_aKD33 _bจ222อ 2547 |
||
| 100 | 0 | _aจักรปาณีศรีศีลวิสุทธิ์ (วิสุทธิ์ ไกรฤกษ์), หลวง | |
| 245 | 1 | 0 |
_aอธิบายธรรมนูญปกครองแผ่นดินสยามเปรียบเทียบกับประเทศต่าง ๆ / _cหลวงจักรปาณีศรีศีลวิสุทธิ์ (วิสุทธิ์ ไกรฤกษ์) |
| 250 | _aพิมพ์ครั้งที่ 2 | ||
| 260 |
_aนนทบุรี : _bสถาบันพระปกเกล้า, _c2547 |
||
| 300 |
_a88 หน้า ; _b21 ซม. |
||
| 650 | 0 | 4 | _aรัฐธรรมนูญเปรียบเทียบ -- คำอธิบาย |
| 850 | _aNALT | ||
| 942 |
_cLB _2lcc |
||
| 999 |
_c44127 _d44127 |
||
| 998 |
_j111 _k นางสาวพจพิณ พรมเอี่ยม |
||